Statistiques concernant Dates importantes du règne de Louis XIV

Cliquez ici pour prendre le quiz!

Statistiques générales

  • Ce quiz a été pris 52 fois
  • Le résultat moyen est 12 sur 17

Statistiques - réponses

Evénement(s)Date(s) en année% Correct
Début du règne de Louis XIV à 5 ans1643
96%
Mort du Roi soleil1715
93%
Début de la Fronde1648
87%
Mort de Mazarin, Louis XIV commence à gouverner1661
83%
Edit de Fontainebleau révoquant l'Edit de Nantes1685
76%
Sacre de Louis XIV à Reims1654
74%
Installation du pouvoir central et de la cour à Versailles1682
74%
Louis XIV épouse Marie-Thérèse d'Autriche1660
70%
Début de la guerre de dévolution1667
70%
Début de la Guerre d'Hollande1672
67%
Traités de Nimègue (fin de la Guerre d'Hollande)1678
67%
Traité d'Aix la Chapelle mettant fin à la guerre de dévolution1668
65%
Début de la guerre de succession d'Espagne1701
63%
Fin de la guerre de succession d'Espagne1714
63%
Traité des Pyrénées (avec l'Espagne)1660
61%
Mort de la reine Marie-Thérèse1683
61%
Début de la guerre contre la ligue d'Augsbourg1688
59%

Distribution des résultats

Percentile par nombre de réponses

% des personnes avec chaque résultat

Votre développement - résultats

Vous n’avez pas pris ce quiz